| 000 | 00633nam a22001937a 4500 | ||
|---|---|---|---|
| 005 | 20170824111144.0 | ||
| 010 | _aENG-120012 | ||
| 020 |
_a9788184845747 _c1480.00 |
||
| 035 | _aEN-103544 | ||
| 037 | _bDBAD/PUB | ||
| 082 | _a370.1150954 | ||
| 245 |
_aHuman resources development and higher education : _bquality and management / _cedited by Prankrishna Pal |
||
| 260 |
_aNew Delhi _bRegal Publications _c2016 |
||
| 270 |
_aF-159, Rajouri Garden, _bNew Delhi _e110027 |
||
| 300 |
_aix,340p. : _bill. _c23cm(Hb) |
||
| 500 | _a Includes index | ||
| 700 | _aPal, Prankrishna | ||
| 942 |
_2ddc _cEN _h370.1150954 _mHUM |
||
| 999 |
_c143734 _d143734 |
||